00695nam a22001697a 4500003000500000038001800005082000800023100003800031245017000069264003300239650002900272700004900301856005800350942001200408999001900420952008600439NUST aNusrat Nadeem a200 aMuhammad, Abaid Ur Rehman9132653 aComputational Fluid Dynamics (CFD) Analysis of Hemodynamics in Vascular Diseases and Study of Boundary Layer Flow Over Deformable SurfacescMuhammad, Abaid Ur Rehman aIslamabad:bSNS NUST.c2025. aPhD-Mathematics 9123169 aSupervisor: Dr. Muhammad Asif Farooq9123555 u http://10.250.8.41:8080/xmlui/handle/123456789/54329 2ddccSC c615743d615743 00104070aCLbCLcTHEd2026-01-01l0o200pCLPT-785r2026-01-01w2026-01-01ySC